| 000 | 00968nam a2200205Ia 4500 | ||
|---|---|---|---|
| 003 | OSt | ||
| 005 | 20210416155438.0 | ||
| 008 | 210310s1994 ck a gr 000 0 spa d | ||
| 040 |
_aCO-JMCR _cCO-JMCR |
||
| 041 | 0 | _aspa | |
| 082 | 0 | 4 |
_a382.6309861 / _bM351i _223 |
| 110 | 2 |
_aColombia. _bMinisterio de comercio Exterior _936927 |
|
| 245 | 1 | 3 |
_aUn Mundo Para Colombia : _bInstrumentos de Promoción a las Exportaciones en Colombia _cMinisterio de comercio Exterior |
| 260 |
_aBogotá : _bImprenta nacional de Colombia, _c1994. |
||
| 300 |
_a90 páginas ; _c21 cm. |
||
| 505 | 0 | _aEntidades de comercio exterior. -- Incidentes a las exportaciones. -- Sistema de preferencias arancelarias y acuerdos comerciales.-- Tecnología y propiedad intelectual. -- Trámites de comercio exterior.-- Esquema de anticorrupción administrativa del Ministerio de Comercio Exterior. | |
| 650 | 1 | 4 |
_aComercio exterior. _925758 |
| 650 | 2 | 4 |
_aPropiedad intelectual _936928 |
| 942 |
_2ddc _cBK |
||
| 999 |
_c11526 _d11526 |
||